Law of costs valuation and account
| Main Author: | |
|---|---|
| Format: | Book |
| Published: |
Allahbad :
Law book company ,
1968
|
| Subjects: |
MARC
| LEADER | 00000cam a2200000 7i4500 | ||
|---|---|---|---|
| 001 | 0000007853 | ||
| 005 | 20160927.0 | ||
| 040 | |a INS | ||
| 090 | 0 | 0 | |a HF5686.C8 |b C53 1968 |
| 100 | 0 | |a Chandank, Mudhusudan Lal | |
| 245 | 0 | 0 | |a Law of costs valuation and account |c M.L.Chandak |
| 260 | |a Allahbad : |b Law book company , |c 1968 | ||
| 300 | |a 746p ; |c 25 cm. | ||
| 650 | 0 | 0 | |a Accounting |x Law and legislation |z India |
| 650 | 0 | 0 | |a Cost law |z India |
| 650 | 0 | 0 | |a Valuation |x Law and legislation |z India |
| 999 | |a 0000022381 |b BOOK |c Open Shelf |e Default branch | ||